Statistiques concernant Top 50 de l'Année 1986

Cliquez ici pour prendre le quiz!

Statistiques générales

  • Ce quiz a été pris 20 fois
  • Le résultat moyen est 16 sur 50

Statistiques - réponses

ArtistesChansons% Correct
7PARTENAIRE PARTICULIERPartenaire particulier
89%
15JULIE PIETRIEve lève-toi
74%
5IMAGESLes démons de minuit
74%
10STEPHANIE DE MONACOOuragan
74%
6EUROPEThe final countdown
74%
39DESIRELESSVoyage voyage
68%
17JEANNE MASEn rouge et noir
63%
50NIAGARAL'amour à la plage
63%
2BERLINTake my breath away
63%
4BANANARAMAVenus
58%
49GOLDCapitaine abandonné
53%
34INDOCHINE3ème sexe
47%
28SAMANTHA FOXTouch me (I want your body)
42%
32GOLDVille de lumière
42%
13COCK ROBINThe promise you made
37%
29MURIEL DACQTropique
37%
9MADONNAPapa don't preach
32%
3PROPAGANDAP: machinery
32%
42STINGRussians
32%
16NIAGARATchiki boum
32%
20CHRIS DE BURGHThe lady in red
32%
18A-HAThe sun always shines on T.V.
32%
45THE CUREClose to me
26%
22JEAN-JACQUES GOLDMANLa vie par procuration
26%
41DANIEL BALAVOINESauver l'amour
26%
48PETER GABRIELSledgehammer
26%
38INDOCHINETes yeux noirs
26%
21QUEENA kind of magic
21%
27SURVIVORBurning heart
21%
47SANDY MARTONExotic and erotic
21%
24STEPHANIE DE MONACOFlash
21%
1NU SHOOZI can't wait
21%
11JAMES BROWNLiving in America
21%
46FALCORock me Amadeus
21%
37DOUBLEThe captain of her heart
21%
35ALAIN SOUCHONBallade de Jim
16%
23COMMUNARDSDon't leave me this way
16%
14M.C. MIKER "G" & DEEJAY SVENHoliday rap
16%
12A-HAHunting high and low
16%
19ELTON JOHNNikita
16%
43GEORGE MICHAELA different corner
11%
36MIAMI SOUND MACHINEBad boy
11%
44DIANA ROSSChain reaction
11%
33TELEPHONELe jour s'est levé
11%
8MADONNALive to tell
11%
40SANDRAMaria Magdalena
11%
30ZZ TOPRough boy
11%
26MADONNATrue blue
11%
25SPAGNAEasy lady
5%
31BILLY OCEANWhen the going gets tough, the tough get going
5%

Distribution des résultats

Percentile par nombre de réponses

% des personnes avec chaque résultat

Votre développement - résultats

Vous n’avez pas pris ce quiz